Т. 49, № 4; Геология рудных месторождений; Динамическая классификация аллювиальных россыпей золота Северо-Востока России; Метасоматизм и рудообразование в контактах долеритов с соленосными отложениями чехла юга Сибирской платформы; Молибденовая минерализация в рудах оловорудного месторождения Тигриное (Приморье, Россия); Геология и генезис Черемшанского месторождения кремнеземного сырья (Западное Забайкалье, Россия); Минералогия алмазов трубки Озерная, тела Отторженец, жил Первомайская и Новогодняя (Якутия); Бортниковит (Pd4Cu3Zn) - новый минерал из уникального россыпного месторождения Кондер (Хабаровский край, Россия); К 70-летию со дня рождения Михаила Михайловича Константинова
| Parent link: | Геология рудных месторождений: научный журнал/ Российская академия наук (РАН). Т. 49, № 4.— , 1959-.— 0016-7770 |
|---|---|
| Idioma: | rus |
| Publicat: |
2007
|
| TOC: | Ю. И. Гольдфарб, Динамическая классификация аллювиальных россыпей золота Северо-Востока России; М. П. Мазуров [и др.], Метасоматизм и рудообразование в контактах долеритов с соленосными отложениями чехла юга Сибирской платформы; С. М. Родионов [и др.], Молибденовая минерализация в рудах оловорудного месторождения Тигриное (Приморье, Россия); Д. И. Царев [и др.], Геология и генезис Черемшанского месторождения кремнеземного сырья (Западное Забайкалье, Россия); Н. Н. Зинчук, В. И. Коптиль, Минералогия алмазов трубки Озерная, тела Отторженец, жил Первомайская и Новогодняя (Якутия); А. Г. Мочалов [и др.], Бортниковит (Pd4Cu3Zn) - новый минерал из уникального россыпного месторождения Кондер (Хабаровский край, Россия); К 70-летию со дня рождения Михаила Михайловича Константинова; |
| Format: | Llibre |
| KOHA link: | https://koha.lib.tpu.ru/cgi-bin/koha/opac-detail.pl?biblionumber=410290 |
MARC
| LEADER | 00000nam2a2200000 4500 | ||
|---|---|---|---|
| 001 | 410290 | ||
| 005 | 20231101071318.0 | ||
| 035 | |a (RuTPU)RU\TPU\prd\64200 | ||
| 035 | |a RU\TPU\prd\53821 | ||
| 090 | |a 410290 | ||
| 100 | |a 20090317a19599999k y0rusy50 ca | ||
| 101 | 0 | |a rus | |
| 102 | |a RU | ||
| 200 | 0 | |a Т. 49, № 4 | |
| 210 | |d 2007 | ||
| 461 | 1 | |0 (RuTPU)RU\TPU\prd\127 |x 0016-7770 |t Геология рудных месторождений |o научный журнал |f Российская академия наук (РАН) |v Т. 49, № 4 |d 1959- | |
| 464 | |t Динамическая классификация аллювиальных россыпей золота Северо-Востока России |f Ю. И. Гольдфарб | ||
| 464 | |t Метасоматизм и рудообразование в контактах долеритов с соленосными отложениями чехла юга Сибирской платформы |f М. П. Мазуров [и др.] | ||
| 464 | |t Молибденовая минерализация в рудах оловорудного месторождения Тигриное (Приморье, Россия) |f С. М. Родионов [и др.] | ||
| 464 | |t Геология и генезис Черемшанского месторождения кремнеземного сырья (Западное Забайкалье, Россия) |f Д. И. Царев [и др.] | ||
| 464 | |t Минералогия алмазов трубки Озерная, тела Отторженец, жил Первомайская и Новогодняя (Якутия) |f Н. Н. Зинчук, В. И. Коптиль | ||
| 464 | |t Бортниковит (Pd4Cu3Zn) - новый минерал из уникального россыпного месторождения Кондер (Хабаровский край, Россия) |f А. Г. Мочалов [и др.] | ||
| 464 | |t К 70-летию со дня рождения Михаила Михайловича Константинова | ||
| 801 | 0 | |a RU |b 63413507 |c 20010227 |g PSBO | |
| 801 | 1 | |a RU |b 63413507 |c 20071005 |g PSBO | |
| 801 | 2 | |a RU |b 63413507 |c 20201215 |g PSBO | |
| 942 | |c BK | ||
| 999 | |a НТБ_ТПУ |b НФ |e -1/20070109 |p П-6557 |s 2/20070403 |u 750,00 |v 1 | ||